[Event "HUN-chT2 Asztalos 2324"]
[Site "Hungary"]
[Date "2024.04.21"]
[Round "8.8"]
[White "Jerant, Gyorgy"]
[Black "Jankovics, Emod"]
[Result "1/2-1/2"]
[WhiteElo "1954"]
[BlackElo "1714"]
[PlyCount "83"]
[EventDate "2023.10.08"]
[EventType "team-tourn"]
[EventRounds "9"]
[EventCountry "HUN"]
[SourceTitle "EXT 2025"]
[Source "ChessBase"]
[SourceDate "2024.10.14"]
[SourceVersion "1"]
[SourceVersionDate "2024.10.14"]
[SourceQuality "1"]
[WhiteTeam "Szentlorinc"]
[BlackTeam "Marcali"]
[WhiteTeamCountry "HUN"]
[BlackTeamCountry "HUN"]

1. e4 c5 2. Nf3 Nc6 3. d4 cxd4 4. Nxd4 g6 5. c4 Nf6 6. Nc3 d6 7. Be2 Nxd4 8. Qxd4 Bg7 9. Be3 0-0 10. Qd2 a5 11. 0-0 a4 12. f3 Qa5 13. Rac1 Be6 14. Nd5 Nxd5 15. Qxa5 Rxa5 16. cxd5 Bc8 17. Bb6 Ra8 18. Rc2 e6 19. Bc4 exd5 20. Bxd5 Be6 21. Rd1 Ra6 22. Bd4 Bxd5 23. Bxg7 Bxe4 24. fxe4 Kxg7 25. Rcd2 Re8 26. Rxd6 Rxd6 27. Rxd6 Rxe4 28. Rb6 Re7 29. Rb4 Rc7 30. Rxa4 Rc1+ 31. Kf2 Rc2+ 32. Kf3 Rxb2 33. h4 h5 34. g3 f6 35. Ra5 Kh6 36. Ra8 g5 37. hxg5+ fxg5 38. Rh8+ Kg6 39. Rg8+ Kf6 40. Rb8 Rxa2 41. Rxb7 Ra3+ 42. Kf2 1/2-1/2

[Event "HUN-chT2 Asztalos 2324"]
[Site "Hungary"]
[Date "2023.10.29"]
[Round "2.9"]
[White "Jerant, Gyorgy"]
[Black "Pinter, Szabolcs Peter"]
[Result "1/2-1/2"]
[WhiteElo "1929"]
[BlackElo "1608"]
[PlyCount "40"]
[EventDate "2023.10.08"]
[EventType "team-tourn"]
[EventRounds "9"]
[EventCountry "HUN"]
[SourceTitle "EXT 2025"]
[Source "ChessBase"]
[SourceDate "2024.10.14"]
[SourceVersion "1"]
[SourceVersionDate "2024.10.14"]
[SourceQuality "1"]
[WhiteTeam "Szentlorinc"]
[BlackTeam "Karmin"]
[WhiteTeamCountry "HUN"]
[BlackTeamCountry "HUN"]

1. e4 d6 2. d4 Nf6 3. Bd3 e5 4. d5 Be7 5. Nc3 0-0 6. Nge2 Nbd7 7. f3 Nc5 8. Bc4 a6 9. a4 Bd7 10. a5 Be8 11. Ng3 c6 12. b4 cxd5 13. Nxd5 Nxd5 14. Bxd5 Nd7 15. Bxb7 Ra7 16. Bd5 Nf6 17. Bb3 d5 18. 0-0 Bb5 19. Rf2 Bxb4 20. Be3 d4 1/2-1/2

[Event "HUN-chT2 Asztalos 2324"]
[Site "Hungary"]
[Date "2023.10.08"]
[Round "1.9"]
[White "B Garai, Lehel"]
[Black "Jerant, Gyorgy"]
[Result "0-1"]
[WhiteElo "1884"]
[BlackElo "1929"]
[PlyCount "96"]
[EventDate "2023.10.08"]
[EventType "team-tourn"]
[EventRounds "9"]
[EventCountry "HUN"]
[SourceTitle "EXT 2025"]
[Source "ChessBase"]
[SourceDate "2024.10.14"]
[SourceVersion "1"]
[SourceVersionDate "2024.10.14"]
[SourceQuality "1"]
[WhiteTeam "Decs 1990"]
[BlackTeam "Szentlorinc"]
[WhiteTeamCountry "HUN"]
[BlackTeamCountry "HUN"]

1. e4 c5 2. c3 d5 3. exd5 Qxd5 4. d4 e6 5. Nf3 Nc6 6. Be2 Nf6 7. 0-0 Be7 8. h3 cxd4 9. cxd4 0-0 10. Nc3 Qd7 11. Bb5 Qc7 12. Be3 a6 13. Bd3 Nb4 14. Bb1 b5 15. a3 Nbd5 16. Qd3 Bb7 17. Ng5 g6 18. Ba2 Nxc3 19. bxc3 Bd5 20. a4 Bxa2 21. Rxa2 Nd5 22. Ne4 Qc4 23. Qxc4 bxc4 24. Rb2 f5 25. Nc5 f4 26. Bd2 Bxc5 27. dxc5 Rac8 28. Re1 Rfe8 29. Re4 Rxc5 30. Bxf4 Nxc3 31. Re1 Nd5 32. Be5 Kf7 33. Re4 Rc6 34. Rh4 Kg8 35. Rb7 Ne7 36. Bc3 e5 37. Kh2 g5 38. Rh5 h6 39. h4 Nd5 40. hxg5 Nxc3 41. gxh6 Nd5 42. g4 c3 43. g5 c2 44. Rg7+ Kh8 45. g6 Rxg6 46. Rxg6 c1Q 47. Rhg5 Qf4+ 48. Kg1 Rf8 0-1

[Event "HUN-chT2 Asztalos 1819"]
[Site "Hungary"]
[Date "2018.11.18"]
[Round "2.5"]
[White "Jerant, Gyorgy"]
[Black "Szabo, Levente"]
[Result "1/2-1/2"]
[WhiteElo "1872"]
[BlackElo "1977"]
[PlyCount "51"]
[EventDate "2018.10.28"]
[EventType "team-tourn"]
[EventRounds "9"]
[EventCountry "HUN"]
[SourceTitle "CBM 189 Extra"]
[Source "ChessBase"]
[SourceDate "2019.05.31"]
[SourceVersion "1"]
[SourceVersionDate "2019.05.31"]
[SourceQuality "1"]
[WhiteTeam "Szentlorinc"]
[BlackTeam "Sarosd"]
[WhiteTeamCountry "HUN"]
[BlackTeamCountry "HUN"]

1. e4 c6 2. Nc3 d5 3. Nf3 e6 4. d4 Bb4 5. e5 c5 6. a3 Bxc3+ 7. bxc3 c4 8. Ng5 h6 9. Qh5 g6 10. Qh3 Kf8 11. f4 Kg7 12. Nf3 Ne7 13. Be2 Qa5 14. Bd2 Qa4 15. Qh4 Ng8 16. Bd1 Nc6 17. h3 b5 18. Bc1 Qa5 19. Bd2 Qd8 20. Qf2 a5 21. Rb1 Rb8 22. 0-0 Qe7 23. Bc1 Qa7 24. Qd2 Bd7 25. g4 Nge7 26. Kg2 1/2-1/2

[Event "HUN-chT2 Asztalos 1718"]
[Site "Hungary"]
[Date "2017.12.17"]
[Round "4.7"]
[White "Toth, Zsolt"]
[Black "Jerant, Gyorgy"]
[Result "1/2-1/2"]
[WhiteElo "1811"]
[BlackElo "1890"]
[PlyCount "94"]
[EventDate "2017.10.29"]
[EventType "team-tourn"]
[EventRounds "9"]
[EventCountry "HUN"]
[SourceTitle "EXT 2021"]
[Source "ChessBase"]
[SourceDate "2020.10.23"]
[SourceVersion "1"]
[SourceVersionDate "2020.10.23"]
[SourceQuality "1"]
[WhiteTeam "Pecs Karmin"]
[BlackTeam "Szentlorinc"]
[WhiteTeamCountry "HUN"]
[BlackTeamCountry "HUN"]

1. d4 Nf6 2. Nf3 e6 3. c4 b6 4. Nc3 Bb7 5. g3 Be7 6. Bg2 0-0 7. 0-0 Ne4 8. Qc2 Nxc3 9. bxc3 f5 10. a4 Be4 11. Qa2 Nc6 12. Ba3 Na5 13. Bxe7 Qxe7 14. Rad1 d6 15. e3 Rae8 16. Nd2 Bxg2 17. Kxg2 c5 18. f3 e5 19. d5 Qg5 20. Rde1 h5 21. Rh1 h4 22. Rhf1 g6 23. Qc2 Re7 24. Qd1 Rh7 25. f4 Qf6 26. fxe5 Qxe5 27. Qc2 hxg3 28. hxg3 Kg7 29. Nf3 Qf6 30. Qd3 Re8 31. Rh1 Rxh1 32. Kxh1 Re4 33. Nd2 Rg4 34. Kh2 Qe5 35. Rg1 Kf7 36. Kh3 Qh8+ 37. Kg2 Qh4 38. Kf3 Qh2 39. Rg2 Qh1 40. e4 Kf6 41. Qe2 Qc1 42. exf5 gxf5 43. Qe6+ Kg7 44. Qe7+ Kg8 45. Qe6+ Kg7 46. Qxf5 Rg6 47. Qd7+ Kg8 1/2-1/2

[Event "HUN-chT2 Asztalos 1718"]
[Site "Hungary"]
[Date "2017.10.29"]
[Round "1.8"]
[White "Jerant, Gyorgy"]
[Black "Kratzmajer, Akos Gyorgy"]
[Result "0-1"]
[WhiteElo "1890"]
[BlackElo "1924"]
[PlyCount "94"]
[EventDate "2017.10.29"]
[EventType "team-tourn"]
[EventRounds "9"]
[EventCountry "HUN"]
[SourceTitle "EXT 2021"]
[Source "ChessBase"]
[SourceDate "2020.10.23"]
[SourceVersion "1"]
[SourceVersionDate "2020.10.23"]
[SourceQuality "1"]
[WhiteTeam "Szentlorinc"]
[BlackTeam "Sarosd"]
[WhiteTeamCountry "HUN"]
[BlackTeamCountry "HUN"]

1. e4 e5 2. Nf3 Nc6 3. Nc3 Nf6 4. Bb5 Bc5 5. 0-0 0-0 6. Nxe5 Nxe5 7. d4 Bb4 8. dxe5 Bxc3 9. bxc3 Nxe4 10. Qd4 Ng5 11. Qg4 Ne6 12. f4 c6 13. Be2 f5 14. Qg3 Qe7 15. Rd1 b6 16. a4 Bb7 17. Rd6 Nc5 18. Bd3 Ne4 19. Bxe4 fxe4 20. Be3 Rf5 21. Qh3 Raf8 22. Rad1 Bc8 23. g4 Rxf4 24. Bxf4 Rxf4 25. e6 dxe6 26. Rd8+ Rf8 27. Rxf8+ Qxf8 28. Qe3 Ba6 29. Qxe4 Qc5+ 30. Qd4 Qd5 31. Qxd5 exd5 32. Kf2 Kf7 33. Re1 Bc8 34. g5 Bf5 35. Re2 Bg4 36. Re5 Bd1 37. a5 bxa5 38. Ke3 Bxc2 39. Kd4 a4 40. Re2 Bb3 41. Kc5 a3 42. Kd6 a5 43. Re7+ Kg6 44. Ra7 a4 45. Re7 a2 46. Re1 Kxg5 47. Kc5 Kf4 0-1

[Event "HUN-chT2 Asztalos 1617"]
[Site "Hungary"]
[Date "2017.02.26"]
[Round "9.7"]
[White "Fekete, Lajos"]
[Black "Jerant, Gyorgy"]
[Result "1/2-1/2"]
[WhiteElo "1841"]
[BlackElo "1864"]
[PlyCount "97"]
[EventDate "2016.09.25"]
[EventType "team-tourn"]
[EventRounds "11"]
[EventCountry "HUN"]
[SourceTitle "EXT 2021"]
[Source "ChessBase"]
[SourceDate "2020.10.23"]
[SourceVersion "1"]
[SourceVersionDate "2020.10.23"]
[SourceQuality "1"]
[WhiteTeam "Komlo Banyasz II"]
[BlackTeam "Szentlorinc"]
[WhiteTeamCountry "HUN"]
[BlackTeamCountry "HUN"]

1. d4 Nf6 2. c4 e6 3. Nc3 Bb4 4. Bg5 h6 5. Bh4 d5 6. e3 0-0 7. a3 Bxc3+ 8. bxc3 c6 9. Qb3 Nbd7 10. cxd5 cxd5 11. c4 Qa5+ 12. Qb4 Qxb4+ 13. axb4 dxc4 14. Bxc4 Nb6 15. Bd3 Nfd5 16. Rb1 Bd7 17. Ne2 Rfc8 18. e4 Nc3 19. Nxc3 Rxc3 20. Kd2 Rac8 21. Rbc1 Rxc1 22. Rxc1 Rxc1 23. Kxc1 f6 24. f3 a6 25. Bf2 Nc8 26. Kd2 Kf7 27. f4 b5 28. g3 Bc6 29. e5 f5 30. d5 Bxd5 31. Bc5 Ne7 32. Bxe7 Kxe7 33. h4 Kd7 34. Ke3 Kc6 35. Kd4 Kb6 36. Bxf5 a5 37. bxa5+ Kxa5 38. Bc2 Kb6 39. f5 Kc6 40. fxe6 Bxe6 41. Be4+ Kd7 42. Kc5 Bc4 43. Bf5+ Ke7 44. g4 Be2 45. Kb4 Bf1 46. g5 hxg5 47. hxg5 Be2 48. Kc5 Bf1 49. Kb4 1/2-1/2